| 000 | 00605nam a2200193 i 4500 | ||
|---|---|---|---|
| 001 | 67986 | ||
| 003 | ES-MaACL | ||
| 007 | t| | ||
| 008 | 040217s1953 sp ||||1| spa d | ||
| 100 | 1 |
_aGallegos, Rómulo. _953598 |
|
| 245 | 1 | 3 |
_aLa brizna de paja en el viento / _cRómulo Gallegos ; nota preliminar de B. García de los Ríos. |
| 260 |
_a[Madrid : _bAguilar, _c1953] ( _fE. Sánchez Leal) |
||
| 300 |
_a441 p. ; _c12 cm. |
||
| 490 | 1 |
_aCrisol ; _v382 |
|
| 700 | 1 |
_aGarcía de los Ríos, B. _954467 |
|
| 830 | 0 |
_aCrisol ; _v382 _9180848 |
|
| 852 |
_aES-MaACL _jC-8573 _bR.35321 |
||
| 999 |
_c67986 _d67986 |
||